Merkkihenkilöt Suomen postimerkeissä - jättivisa - Statistics

Yleistilastot
  • Tätä visaa on pelattu 88 kertaa
    85 viimeisimmän päivityksen jälkeen
  • Keskiarvotulos 70 / 187
Vastaustilastot
Vihje Henkilö Postimerkki
julkaistu
% Oikein
M sotilas, valtiomies: "Suomen 1. pääministeri", "Suomen perustajia" Carl Erik Mannerheim 2008
91%
M 6. presidentti, marsalkka Carl Gustaf Emil Mannerheim 1937, 1941,1952, 1967, 2017
91%
A Nobel-palkittu 10. presidentti Martti Ahtisaari 1997, 2008
91%
M M:n lastensuojeluliiton perustajia, MLL:n 1. puheenjohtaja, mielenterveystyön kehittäjä Sophie Mannerheim 1992
91%
A arkkitehti; Finlandia-talo, Lakeuden risti Alvar Aalto 1976
88%
K 8. presidentti (pitkäaikaisin) Urho Kekkonen 1960, 1970,1980, 1986
88%
K kansalliskirjailija; Seitsemän veljestä, Nummisuutarit Aleksis Kivi 1934, 1984
86%
H suomentaja Maija Halonen 2008
86%
K 9. presidentti Mauno Koivisto 1983, 1993,2017
86%
H taidemaalari; Niittomiehet,
Tienraivaajia Karjalassa
Pekka Halonen 1965, 2008
86%
H 11. presidentti Tarja Halonen 2003
86%
K "naisvoimistelun äiti" Elin Kallio 1959
84%
K 4. presidentti Kyösti Kallio 1941, 1973
84%
N mäkihyppääjä; 4-kertainen olympiavoittaja, 5-kertainen maailmanmestari Matti Nykänen 1988
84%
N 12. presidentti Sauli Niinistö 2013
84%
S Ainolan emäntä, säveltäjän puoliso Aino Sibelius 2004
83%
S säveltäjä; Finlandia, Valse triste Jean Sibelius 1945, 1957,1965, 2004, 2015
83%
A kirjailija; Rautatie, Siihen aikaan kun isä lampun osti Juhani Aho 1961, 2011
83%
R 5. presidentti Risto Ryti 1941
83%
D rockyhtye; Levoton Tuhkimo,
Autiotalo
Dingo 2010
81%
R F1-kuljettaja; "jäämies" Kimi Räikkönen 2007
81%
J Muumit keksinyt kirjailija ja taidemaalari Tove Jansson 2014
81%
L yhtye; Hard Rock Hallelujah,
Devil Is A Loser
Lordi 2007
78%
P presidentin puoliso, sotainvalidien auttaja;
Lotta Svärdin rahoilla perustettu oma säätiö
Alli Paasikivi 1947
76%
P 7. presidentti Juho Kusti Paasikivi 1947, 1950,1970
76%
H F1-kuljettaja; 2-kertainen maailmanmestari Mika Häkkinen 1999
76%
A "kirjakielen isä" Mikael Agricola 1933, 1948, 1982, 2007
74%
S 1. presidentti Kaarlo JuhoStåhlberg 1945, 1965
72%
K laulaja; Anna mulle tähtitaivas,
Vasten auringon siltaa
Katri Helena Kalaoja 2007
72%
G jääkiekkoilija; ilmaveivi 2011 Mikael Granlund 2011
72%
R keihäänheiton olympiavoittaja, laulaja;Juokse sinä humma, Päivänsäde ja menninkäinen Tapio Rautavaara 1999
72%
E yhtye; Murheellisten laulujen maa,
Vuonna '85
Eppu Normaali 2010
71%
B laulaja; Hetki lyö,
Hengaillaan
Kirka Babitzin 2007
71%
V näyttelijä, laulaja; Hopeinen kuu,
Metsäkukkia
Olavi Virta 1999
71%
R 2. presidentti Lauri Kristian Relander 1983
69%
V kestävyysjuoksija; kaatui ja voitti Münchenissä 1972 Lasse Virén 1994
67%
L munkki, uskonpuhdistaja; luterilaisen kirkon perustaja Martin Luther 1967
67%
L Neuvostoliiton 1. johtaja Vladimir Lenin 1970
67%
Y rockyhtye; Rakkaus on lumivalkoinen,
Joutsenlaulu
2010
67%
L Kalevalan ja Kantelettaren kokoaja Elias Lönnrot 1931, 2002
66%
L Suomen kaikkien aikojen paras jalkapalloilija Jari Litmanen 1995
66%
N kestävyysjuoksija; 9-kertainen olympiavoittaja, menestynein yleisurheilija Paavo Nurmi 1945, 1973,1997
64%
S 3. presidentti Pehr Evind Svinhufvud 1931, 1944
64%
J kristinuskon keskeisimpiä henkilöitä Jeesus Kristus 1963
62%
H Lallin murhaama piispa Piispa Henrik 1955
62%
R Suomen kansallisrunoilija; Vänrikki Stoolin tarinat, Hirvenhiihtäjät Johan Ludvig Runeberg 1948, 2004
60%
M yhtye; Mitä yhdestä särkyneestä sydämestä,
Vielä on kesää jäljellä
Mamba 2010
60%
P rockyhtye;Kuuma kesä,
Kersantti Karoliina
Popeda 2010
60%
V Nobel-palkittu kemisti; keksi AIV-rehun Artturi IlmariVirtanen 1980
59%
N metalliyhtye; Amaranth,
Nemo
Nightwish 2015
59%
G taidemaalari; Sammon puolustus,
Aino-taru
Akseli Gallen-Kallela 1965, 2006
57%
N maastohiihtäjä; 3-kertainen olympiavoittaja 2014-2022 Iivo Niskanen 2014
57%
K ralliautoilija; 4-kertainen maailmanmestari Juha Kankkunen 1995
57%
K maastohiihtäjä; 3-kertainen olympiavoittaja Marja-Liisa Kirvesniemi 1994
57%
G pianisti; em. puoliso Mary Gallen-Kallela 2006
57%
W kirjailija; Komisario Palmun erehdys,
Sinuhe Egyptiläinen
Mika Waltari 2008
57%
M ralliautoilija; Jyväskylän suurajojen 4-kertainen voittaja v. 1965-1973 välillä Timo Mäkinen 1995
57%
M ralliautoilija; 4-kertainen rallin maailmanmestari 1996-1999 Tommi Mäkinen 2000
57%
S Nobelin voittanut kirjailija; Nuorena nukkunut,
Sillanpään marssilaulu
Frans Eemil Sillanpää 1980
55%
A mäkihyppääjä Janne Ahonen 2001
55%
K jääkiekkoilija; Suomen menestyneimpiä pelaajia, Jokerien omistaja, hallituksen puheenjohtaja Jari Kurri 1995
55%
S 1. naisministeri, ensikotitoiminnan perustajia Miina Sillanpää 1992
55%
M maastohiihtäjä; 4 maailmanmestaruutta ja olympiavoitto 90-luvulla Mika Myllylä 2001
55%
K iskelmälaulaja; Pieni sydän, Lazzarella Laila Kinnunen 2007
53%
A Venäjän 1. keisari Aleksanteri I 2008
52%
H yhtye; Wicked Game,
Wings of a Butterfly
HIM 2015
52%
T pyörätuolikelaaja; 6 olympiakultaa, 4 MM-kultaa, 10 EM-kultaa Leo-Pekka Tähti 2012
52%
C kirjailija; Työmiehen vaimo, Anna Liisa Minna Canth 1944
52%
L kirjailija; Helkavirsiä, Tuonelan joutsen Eino Leino 1978
50%
R iskelmälaulaja; Tipi-tii,
Eviva Espanja
Marion Rung 2007
50%
L keihäänheittäjä; heitti naisten ME-tuloksen 1982 Tiina Lillak 1994
50%
P näyttelijä, laulaja; Säkkijärven polkka,
Lentävä kalakukko
Esa Pakarinen 1999
48%
P säveltäjä; Maamme, Kaarle-kuninkaan metsästys Friedrich Pacius 1948
48%
M maastohiihtäjä; tarvitsi havuja Marjo Matikainen 1994
48%
R freestyle-hiihtäjä Matti Räty 2008
48%
R keihäänheittäjä; heitti "rypyläkeihäällä" 90,60 m Seppo Räty 1994
48%
P alppihiihtäjä; olympia- ja MM-mitalisti Tanja Poutiainen 2008
47%
Y "suomalaisen neuvolajärjestelmän isä";lastentautiopin professori, lääkäri Arvo Ylppö 1987
45%
J maastohiihtäjä; olympiakultaa 2014 parisprintistä Sami Jauhojärvi 2014
45%
P punkyhtye; Aina mun pitää,
Diagnoosivammainen
Pertti Kurikan nimipäivät 2015
43%
S Karjalasta lähtöisin oleva tanssinopettaja;Hyrsylän mutkan yrittäjä Aira Samulin 2010
41%
K kirjailija; Punainen viiva, Ryysyrannan Jooseppi Ilmari Kianto 1974
41%
S arkkitehti; Helsingin päärautatieasema,
Suomen kansallismuseo
Eliel Saarinen 1973
40%
H kauppaneuvos, vuorineuvos;Huhtamäki Oyj:n perustaja Heikki Huhtamäki 2003
40%
S kansallisfilosofi; liputetaan suomalaisuuden päivänä 12.5. Johan VilhelmSnellman 1956, 2006
40%
T rockyhtye; In the Shadows,
Livin' in a World Without You
The Rasmus 2015
40%
E arkkitehti; Helsingin tuomiokirkko,
Valtioneuvoston linna
Carl Ludvig Engel 1950
38%
P pesäpallon kehittäjä, Suomen Ladun ja Suomen urheiluopiston perustaja Lauri Pihkala 1988
36%
B ruotsalainen naispyhimys 1300-luvulta Pyhä Birgitta 2003
34%
A poliitikko; Maalaisliiton perustaja Santeri Alkio 1962
34%
N tutkimusmatkailija; purjehti ensimmäisenä Koillisväylän (Euroopan ja Aasian mantereen) ympäri,
tutki pohjoisnapaa
Adolf Erik Nordenskiöld 2008
33%
H kirjailija; Lehmusten kaupunki- ja Kannas-sarjat Laila Hirvisaari 2010
33%
J kirjailija; Huojuva talo, Miehen kylkiluu Maria Jotuni 1980
33%
W laivanvarustaja, merenkulkuneuvos; Jenny ja Antti W:n rahasto tukee taidetta ja tutkimusta Antti Wihuri 2003
31%
H rockyhtye; Up Around The Bend,
Tragedy
Hanoi Rocks 2015
31%
W lahjoittaja; Jenny ja Antti W:n rahasto tukee taidetta ja tutkimusta Jenny Wihuri 2003
31%
K jääkiekkoilija; ratkaisi Suomelle nuorten MM-kullan 2016 Kasperi Kapanen 2016
31%
I Ikaalisten Tarmon pesäpalloilija; lempinimi Pökki Päivi Ikola 1995
31%
H maastohiihtäjä; 3-kertainen olympiavoittaja Veikko Hakulinen 1994
31%
C taide- ja tiede-elämän vaikuttaja;keskeinen hahmo Suomen kansallisessa heräämisessä Fredrik Cygnaeus 1948
29%
C "kansakoulun isä" Uno Cygnaeus 1960
29%
K mäkihyppääjä; 2- kertainen olympiamitalisti 1964 Veikko Kankkonen 1994
28%
A metalliyhtye; I Don´t Care,
Not Strong Enough
Apocalyptica 2015
26%
M säveltäjä; Kesäillan valssi,
Valse Lente
Oskar Merikanto 1968
26%
R maallikkosaarnaaja, herännäisyyden (körttiläisyys) johtaja Paavo Ruotsalainen 1977
26%
K säveltäjä, muusikko; Vanhan veräjän luona,
Illan viimeinen tango
Toivo Kärki 1999, 2015
26%
T kirjailija, runoilija; Maamme kirja,
Koivu ja tähti
Zacharias Topelius 1948, 1968,2018
26%
K liikemies; Alfred K:n säätiö edistää tiedettä, kirjallisuutta, taidetta ja kansansivistystä Alfred Kordelin 2003
24%
K kestävyysjuoksija; 4-kertainen olympiavoittaja Hannes Kolehmainen 1989
24%
P inkeriläinen runonlaulaja; noin 32 000 säettä runoutta,
3 000 sananlaskuja
Larin Paraske 1985
24%
K säveltäjä; Häämarssi,
Nuijamiesten marssi
Toivo Kuula 1983
24%
A 1. kansainvälinen oopperalaulaja; Savonlinnan oopperajuhlat Aino Ackté 1976
22%
A liikemies; Konstsamfundetin perustaja (ylläpitää Amos Rex -taidemuseota, entinen nimi Amos A:n taidemuseo) Amos Anderson 2003
22%
C "taloustieteen isä",demokratian kannattaja Antti Chydenius 1935
22%
M motocross-kuljettaja; 4-kertainen maailmanmestari Heikki Mikkola 1995
22%
A näyttelijä; Ida A:n palkinto jaetaan joka 2. vuosi (suurin teatterialan palkinto) Ida Aalberg 1957
22%
K näyttelijä; rooleja Helena (Kätilö),
Angela (Miami)
Krista Kosonen 2013
22%
H laulaja, sanoittaja;
Hopeinen kuu, Meksikon pikajuna
Reino Helismaa 1999
22%
H näyttelijä; rooleja Aulis Kivioja (Täällä Pohjantähden alla II), Urho Hietanen (Tuntematon sotilas) Aku Hirviniemi 2013
21%
S näyttelijä; rooleja mm. elokuvissa Tuhlaajapoika, Varpuset Esko Salminen 2013
21%
C metalliyhtye; Are You Dead Yet?,
Needled 24/7
Children of Bodom 2015
19%
A vuorineuvos, liikemies; eli 1869-1949, vaikutti Tampereella Emil Aaltonen 2003
19%
A lumilautailija Antti Autti 2008
17%
L kirjailija; Laulu tulipunaisesta kukasta, Taistelu Heikkilän talosta Johannes Linnankoski 1969
17%
N seiväshyppääjä; EM-kultaa, ME-tulos, 5 metrin haamurajan rikkoja (1962) Pentti Nikula 1994
17%
J säveltäjä; Berceuse,
Preludi
Armas Järnefelt 1969
16%
J kirjailija; Isänmaa, Vanhempieni romaani I-III Arvid Järnefelt 1961
16%
K sosiaali- ja diakoniatyön vaikuttaja;Helsingin Diakonissayhdistyksen perustaja Aurora Karamzin 1992
16%
H yhtye; Sulle salaisuuden kertoa mä voisin,
Sataman valot
Harmony Sisters 1999
16%
S taidemaalari; Haavoittunut soturi hangella,
Toipilas
Helene Schjerfbeck 2006
16%
P professori; maailman johtavia geenitutkimuksen harjoittajia (molekyyligenetiikka) Leena Palotie 2010
16%
M säveltäjä; Arkihuolesi kaikki heitä,
Kuoleman puutarha
Leevi Madetoja 1987
16%
J keihäänheittäjä; paransi omaa ME-tulosta 10 kertaa Matti Järvinen 1945
16%
S pikajuoksija; 1. suomalainen nainen, joka voitti kultaa yleisurheilun pikamatkoilla arvokisoissa (EM 1974) Riitta Salin 1994
16%
T pikaluistelija; "jääkenttien Nurmi",
5 olympiakultaa, 5 MM-kultaa, 4 EM-kultaa vuosina 1922-1932
Clas Thunberg 1994
14%
N murrekirjailija; raumalaiset jaaritukset Hj. Nortamo 1960
14%
H koripalloilija; paras suomalainen nainen Lea Hakala 1995
14%
H laulaja; Laulu kuolleesta rakastetusta,
Laakson lilja
Maarit Hurmerinta 2010
14%
Ö valtiopäivämies, porvarissäädyn puheenjohtaja Robert Örn 1938
14%
M iskelmälaulaja, säveltäjä; Äänisen aallot,
Heili Karjalasta
Georg Malmstén 1999
12%
G kemisti; löysi yttriumin v. 1794, Suomen Talousseuran perustajia Johan Gadolin 1960
12%
C Helsingin yliopiston 1. suomen kielen professori Matthias Alexander Castrén 1963
12%
L liikemies, kauppaneuvos;kirjallisuuden, taiteen ja sivistystyön tukija, Juho ja Maria L:n taiteilijakotisäätiö Juho Lallukka 2003
10%
L yrittäjä; lahjoitti kulttuuritarkoituksiin, Juho ja Maria L:n taiteilijakotisäätiö Maria Lallukka 2003
10%
N kirjallisuudentutkija; Suomen Kansallisteatterin pääjohtaja 1992-2010 Maria-Liisa Nevala 2010
10%
H maastohiihtäjä; 2 voittoa Holmenkollenilta 1933 ja 1934 Kalle Heikkinen 1945
9%
M näyttelijä; palkittu mm. rooleistaan elokuvissa
Kukkia ja sidontaa,
Muodollisesti pätevä
Outi Mäenpää 2013
9%
S näyttelijä; merkittäviä rooleja mm. elokuvissa
Seitsemän veljestä, Talvisota
Martti Suosalo 2013
7%
C oikeustieteilijä, valtiomies; eli 1738-1817 Matias Calonius 1935
7%
A poliitikko, kunnallisneuvos Pekka Aulin 1956
7%
H pikajuoksija; hallitsi 70-luvulla Salinin ja Pursiaisen ohella Pirjo Häggman 1994
7%
A trial-kuljettaja (moottoripyörä); 2-kertainen maailmanmestari Tommi Ahvala 1995
7%
H sosiologian professori; sukupuoliroolit, sukupuolielämä Elina Haavio-Mannila 2010
5%
K säveltäjä, sovittaja; Oi kallis Suomenmaa,
Taas siunattu päivä nyt luo valoaan
Heikki Klemetti 1976
5%
E valtioneuvos, senaattori;laati Helsingin ruutukaavan Johan Albrecht Ehrenström 1950
5%
H kanteleensoittaja, kansanlaulaja Kreeta Haapasalo 1992
5%
T Suomen piispa 1412-1450 (keskiajan huomattavin);
haudattu Turun tuomiokirkkoon
Maunu II Tavast(Maunu Olavinpoika) 1933
5%
P muotoilija; ril's -mallisto Ritva-Liisa Pohjalainen 2010
5%
S jääkiekkoilija; U20-kultajoukkueen 2016 parhaita pelaajia, lempinimi Vilssoni Vili Saarijärvi 2016
5%
H maamarsalkka, kansliapresidentti;eli 1664-1742 Arvid Horn 1936
3%
S runoilija; Levottomia unia,
Tulevaisuuden varjo
Edith Södergran 1992
3%
S suomen kielen tutkija; kirjoitti suurelta osin Suomen itsenäisyysjulistuksen tekstin Emil Setälä 1964
3%
A kreivi, diplomaatti, jalkaväenkenraali; eli 1757-1814 Kustaa Mauri Armfelt 1936, 2008
3%
F painija; 2-kertainen olympiavoittaja (1920, 1924) Oskar Friman 1945
3%
S 1. kenraalikuvernööri 1808-1809;"kadettikoulun isä", kirjoitti 1. ehdotuksen itsenäisen Suomen perustuslaiksi Georg Magnus Sprengtporten 2008
2%
J Turun arkkipiispa 1899-1930 Gustaf Johansson 1956
2%
G Kustannusyhtiö Otavan perustajia Hannes Gebhard 1949
2%
P Turun akatemian professori; 1700-luvun humanistisen kulttuurin merkittävin hahmo Henrik Gabriel Porthán 1935
2%
W urheiluvaikuttaja, professori; Suomen Valtakunnan Urheiluliiton 1. puheenjohtaja,
Suomen Urheilulehden perustaja
Ivar Wilskman 1954
2%
S karjalainen runonlaulaja; viimeinen suuri runonlaulaja, peuravirsien taitaja Petri Shemeikka 1985
2%
V näyttelijä; nähty mm. Liian iso keikka ja
Uuno Turhapuro -elokuvissa
Ritva Valkama 2013
2%
S jousiampuja; kilpaillut paralympialaisissa Saana-Maria Sinisalo 2012
2%
S alppihiihtäjä Tapio Saarimäki 2008
2%
B vapaaherra, RKP:n kansanedustaja Viktor Magnus von Born 1956
2%
S telinevoimistelija; olympiakultaa 1936 ja 1948 Ale Saarvala 1945
0%
M valtiopäivämies, talonpoikien puhemies; eli 1812-1887 Aukusti Mäkipeska 1938
0%
B Turun arkkipiispa 1850–1884 Edward Bergenheim 1938
0%
R Turun piispa 1627-1652;asetti raamatunsuomennoskomission, aloitti kirkonkirjojen pidon Isak Rothovius 1933
0%
N fyysikko; aloitti meteorologisen toiminnan Suomessa
(Helsingin havaintosarja)
Johan Jakob Nervander 1995
0%
N vapaaherra, jalkaväenkenraali; Suomen pitkäaikaisin "pääministeri" 1800-luvulla,
hoiti kenraalikuvernöörin tehtävää useita lyhyitä pätkiä
Johan Mauritz Nordenstam 1938
0%
L lääkäri, 1. Helsingin yliopiston naisprofessori Laimi Leidenius 1992
0%
P valtiopäivämies; Pohjoismaiden Yhdys-Pankin 1. pääjohtaja Leonhard von Pfaler 1956
0%
K jääkiekkoilija; U20-kultamitalisti 2016,
yksi parhaita U18-joukkueen pelaajia 2014
Miro Keskitalo 2016
0%
N everstiluutnantti, Oulun läänin maaherra 1800-luvulla,
Suomen Lennätinlaitoksen päällikkö
Otto Nyberg 1955
0%
K kasvitieteilijä, tutkimusmatkailija;teos Matka Pohjois-Amerikkaan Pehr Kalm 1979
0%
F luonnontieteilijä, tutkimusmatkailija, filosofi; eli 1732-1763 Petter Forsskål 1979
0%
R virkamies, valtiosihteeri; tärkeä henkiö 1800-luvun autonomian vahvistamisessa Robert Henrik Rehbinder 1936
0%
Ehtoja vastaavia visoja ei löytynyt
Tulosjakauma
Jokaisen tuloksen saaneiden osuus
Persentiili vastausten määrän mukaan
Tuloshistoriasi
Et ole pelannut tätä visaa sen viimeisimmän päivityksen jälkeen